[Event "LSV Turm Lippstadt 1 - SG Ennepe-Ruhr-S"]
[Site "NRW-Klasse. Gruppe 2 2017/201"]
[Date "2017.10.15"]
[Round "2.4"]
[White "Grobbel, Rainer"]
[Black "Tripolsky, Eugen"]
[Result "0-1"]
[WhiteElo "2116"]
[BlackElo "2214"]
[PlyCount "126"]
[EventDate "2017.??.??"]

1. d4 Nf6 2. c4 g6 3. Nc3 Bg7 4. e4 d6 5. f3 O-O 6. Be3 Nc6 7. Nge2 a6 8. Qd2
Na5 9. Nc1 Nd7 10. Be2 c5 11. O-O cxd4 12. Bxd4 Ne5 13. b3 Nac6 14. Be3 Qa5 15.
Rb1 Qxc3 16. Qxc3 Nxf3+ 17. Bxf3 Bxc3 18. Nd3 Bd4 19. Rbe1 e5 20. g3 Be6 21.
Bg2 b5 22. Bxd4 Nxd4 23. c5 dxc5 24. Nxc5 Rfc8 25. Nxe6 Nxe6 26. Bh3 Rc6 27.
Bxe6 Rxe6 28. Rd1 Ra7 29. Rd8+ Kg7 30. g4 h6 31. h4 Rf6 32. Rxf6 Kxf6 33. Rd6+
Ke7 34. Rb6 Rd7 35. Rxa6 Rd4 36. Ra7+ Kf8 37. a4 Rxe4 38. a5 Rxg4+ 39. Kf2 Rb4
40. Rb7 Rxb3 41. a6 Ra3 42. a7 Kg7 43. Rxb5 Rxa7 44. Rxe5 Ra3 45. Kg2 Kf6 46.
Rb5 Re3 47. Rb6+ Re6 48. Rb5 g5 49. Kg3 Kg6 50. Ra5 Re3+ 51. Kf2 Re4 52. Ra6+
f6 53. hxg5 hxg5 54. Kf3 Rb4 55. Ra5 f5 56. Kg3 Rb3+ 57. Kg2 g4 58. Kf2 Kg5 59.
Rc5 g3+ 60. Kg2 Kg4 61. Ra5 Rb2+ 62. Kg1 f4 63. Ra8 Rb1+ 0-1

[Event "LSV Turm Lippstadt 1 - SG Ennepe-Ruhr-S"]
[Site "NRW-Klasse. Gruppe 2 2017/201"]
[Date "2017.10.15"]
[Round "2.5"]
[White "Heller, Achim"]
[Black "Kettler, Ilija Jonas"]
[Result "1-0"]
[WhiteElo "2055"]
[BlackElo "2063"]
[PlyCount "82"]
[EventDate "2017.??.??"]

1. d4 d5 2. c4 dxc4 3. Nf3 Nf6 4. e3 Bg4 5. Bxc4 e6 6. h3 Bh5 7. O-O Bd6 8. Nc3
Nc6 9. Be2 a6 10. e4 Bxf3 11. gxf3 Nxd4 12. f4 e5 13. fxe5 Bxe5 14. f4 Nxe2+
15. Nxe2 Qxd1 16. Rxd1 Bd6 17. Nc3 O-O-O 18. Be3 Bb4 19. e5 Bxc3 20. bxc3 Nd5
21. Bd2 Rd7 22. c4 Nb6 23. c5 Rhd8 24. cxb6 Rxd2 25. Re1 c6 26. f5 Kd7 27. Re3
Ke7 28. f6+ Ke6 29. fxg7 Rg8 30. Rg3 Rb2 31. Rf1 Rxa2 32. Rf6+ Ke7 33. Rh6 Rd8
34. Rf3 Ra1+ 35. Rf1 Rxf1+ 36. Kxf1 Rg8 37. Rxh7 f6 38. h4 fxe5 39. h5 Kf7 40.
h6 Rd8 41. Rh8 Rd1+ 1-0

[Event "LSV Turm Lippstadt 1 - SG Ennepe-Ruhr-S"]
[Site "NRW-Klasse. Gruppe 2 2017/201"]
[Date "2017.10.15"]
[Round "2.6"]
[White "Finke, Tobias"]
[Black "Bruchmann, Norbert"]
[Result "0-1"]
[WhiteElo "1949"]
[BlackElo "1996"]
[PlyCount "118"]
[EventDate "2017.??.??"]

1. e4 e6 2. Qe2 c5 3. Nf3 Nc6 4. c3 Nf6 5. g3 d5 6. d3 Be7 7. Bg2 dxe4 8. dxe4
e5 9. O-O O-O 10. Rd1 Qc7 11. Na3 h6 12. Nc4 Be6 13. Ne1 Bg4 14. f3 Be6 15. Ne3
Rfd8 16. Nd3 c4 17. Nf2 b5 18. a4 Rxd1+ 19. Nfxd1 Na5 20. axb5 Nb3 21. Rb1 Qa5
22. Bf1 Qa2 23. Qc2 Rd8 24. Nf2 Bc5 25. Ng2 Na1 26. Rxa1 Qxa1 27. Be3 Bxe3 28.
Nxe3 Qe1 29. Qe2 Qxe2 30. Bxe2 Rc8 31. f4 exf4 32. gxf4 g6 33. f5 gxf5 34. exf5
Bd5 35. Nfg4 Nxg4 36. Nxd5 Rc5 37. Ne7+ Kf8 38. Nc6 Ne3 39. Nxa7 Nxf5 40. b6
Nd6 41. Bf3 Ke7 42. Kf2 Kd7 43. Ke3 Ra5 44. Kd4 Ra2 45. Kc5 Rxb2 46. Bc6+ Ke7
47. Nb5 Nxb5 48. Bxb5 Kd8 49. Bxc4 f5 50. h3 f4 51. Bd5 Kc8 52. c4 Rd2 53. Kc6
Kb8 54. Be4 Rd4 55. Bd5 Rd3 56. Be4 Re3 57. Kd5 f3 58. Bxf3 Rxf3 59. c5 Kb7 0-1

[Event "LSV Turm Lippstadt 1 - SG Ennepe-Ruhr-S"]
[Site "NRW-Klasse. Gruppe 2 2017/201"]
[Date "2017.10.15"]
[Round "2.7"]
[White "Schaefer, Martin"]
[Black "Chapman, Alan John"]
[Result "1/2-1/2"]
[WhiteElo "1926"]
[BlackElo "1939"]
[PlyCount "126"]
[EventDate "2017.??.??"]

1. d4 Nf6 2. c4 c5 3. d5 e6 4. Nc3 exd5 5. cxd5 d6 6. Nf3 g6 7. h3 Bg7 8. Bf4
Nh5 9. Bh2 O-O 10. g4 Nf6 11. Bg2 b5 12. g5 Nh5 13. O-O Re8 14. Nxb5 Ba6 15. a4
Bxb5 16. axb5 Bxb2 17. Ra2 Bh8 18. Qb3 a5 19. Re1 Re4 20. e3 Rb4 21. Qd3 c4 22.
Qc2 c3 23. Rb1 Rxb1+ 24. Qxb1 Qb6 25. Qd3 Nd7 26. Nd4 Bxd4 27. exd4 Rc8 28. h4
f5 29. Bf3 Ng7 30. Bd1 Re8 31. Qxc3 Qxb5 32. Rxa5 Qb1 33. Ra1 Qe4 34. Bf3 Qxh4
35. Qd2 Nb6 36. Bxd6 Nc4 37. Qf4 Qh3 38. Qg3 Qxg3+ 39. Bxg3 Nd2 40. Kg2 Rd8 41.
Bc7 Rd7 42. Be5 Ne4 43. Ra8+ Kf7 44. Bxe4 fxe4 45. Rh8 Nf5 46. Rxh7+ Ke8 47.
Rxd7 Kxd7 48. Kf1 Ne7 49. d6 Nd5 50. Ke2 Ke6 51. f3 exf3+ 52. Kxf3 Nc3 53. Ke3
Nd5+ 54. Kd3 Nb6 55. Kc3 Kd5 56. Kb4 Kc6 57. Kc3 Nd7 58. Kd3 Kd5 59. Ke3 Nf8
60. Kd3 Ne6 61. d7 Kc6 62. d5+ Kxd5 63. Bf6 Nc5+ 1/2-1/2

[Event "Godesberger SK 1 - LSV Turm Lippstadt 1"]
[Site "NRW-Klasse. Gruppe 2 2017/201"]
[Date "2017.11.19"]
[Round "3.1"]
[White "Wehmeier, Stefan"]
[Black "Seger, Ruediger"]
[Result "0-1"]
[WhiteElo "2345"]
[BlackElo "2300"]
[PlyCount "90"]
[EventDate "2017.??.??"]
[WhiteTeam "LSV Turm Lippstadt 1"]
[BlackTeam "Godesberger SK 1"]

1. d4 Nf6 2. c4 g6 3. Nc3 d5 4. cxd5 Nxd5 5. Na4 Bg7 6. Nf3 O-O 7. e4 Nb6 8.
Be3 Nc6 9. Be2 Bg4 10. d5 Ne5 11. Nxe5 Bxe2 12. Qxe2 Nxa4 13. f4 Nb6 14. a4 Nd7
15. Nc4 c6 16. dxc6 bxc6 17. Rd1 Qc7 18. O-O Rfd8 19. a5 e6 20. e5 Bf8 21. Qf2
Be7 22. Rd3 c5 23. Rfd1 Rab8 24. h3 f6 25. Qd2 Nf8 26. Nd6 Qc6 27. Qc3 a6 28.
Bxc5 Nd7 29. b4 f5 30. Kh2 Nf8 31. Qc4 Rd7 32. Rc1 Bd8 33. Rc2 Kh8 34. Qa2 Qa8
35. Rcc3 g5 36. Qe2 Ng6 37. g3 gxf4 38. Nxf5 Rxd3 39. Qxd3 exf5 40. e6 fxg3+
41. Qxg3 Bf6 42. Bd6 Rd8 43. Re3 f4 44. Bxf4 Rd2+ 45. Kg1 Nxf4 0-1

[Event "Godesberger SK 1 - LSV Turm Lippstadt 1"]
[Site "NRW-Klasse. Gruppe 2 2017/201"]
[Date "2017.11.19"]
[Round "3.2"]
[White "Grabowski, Pawel"]
[Black "Wagner, Alexej"]
[Result "0-1"]
[WhiteElo "2297"]
[BlackElo "2199"]
[PlyCount "124"]
[EventDate "2017.??.??"]
[WhiteTeam "Godesberger SK 1"]
[BlackTeam "LSV Turm Lippstadt 1"]

1. d4 d5 2. Nf3 Nf6 3. e3 e6 4. c4 dxc4 5. Bxc4 a6 6. O-O b5 7. Bb3 Bb7 8. Qe2
Nbd7 9. a4 b4 10. Nbd2 c5 11. a5 Be7 12. Ne5 O-O 13. Ndc4 cxd4 14. exd4 Bd5 15.
Be3 Qc7 16. Nxd7 Nxd7 17. Rfc1 Qb7 18. f3 Rac8 19. Nd2 Nf6 20. Bc4 Bxc4 21.
Nxc4 Nd5 22. b3 Rfd8 23. Bf2 Nc3 24. Qe3 Bf6 25. Ne5 Qd5 26. Kh1 Qxb3 27. h4
Qd5 28. g4 Bxe5 29. dxe5 Qd3 30. Qxd3 Rxd3 31. Kg2 h6 32. Rab1 Rc4 33. Rb3 Kh7
34. Be1 Nd5 35. Rxc4 Rxb3 36. Rc8 Rb1 37. Bf2 Ra1 38. Rf8 Rxa5 39. Rxf7 b3 40.
Bd4 Rb5 41. Ra7 b2 42. Bxb2 Rxb2+ 43. Kg3 Ra2 44. h5 Ra4 45. Rd7 Nf4 46. Rd6
Kg8 47. Rd8+ Kf7 48. Rd7+ Kf8 49. Rb7 Nd3 50. Rb8+ Kf7 51. Rb7+ Kg8 52. Rb8+
Kh7 53. Rb6 Nxe5 54. Rxe6 Nd3 55. Rd6 Nf4 56. Rc6 a5 57. Ra6 Nd5 58. Ra7 Ra1
59. Rd7 Nf6 60. Ra7 a4 61. Kf4 a3 62. Kf5 a2 0-1

[Event "Godesberger SK 1 - LSV Turm Lippstadt 1"]
[Site "NRW-Klasse. Gruppe 2 2017/201"]
[Date "2017.11.19"]
[Round "3.3"]
[White "Hecht, Carsten"]
[Black "Koehler, Christian Friedrich"]
[Result "1/2-1/2"]
[WhiteElo "2228"]
[BlackElo "2182"]
[Annotator "Daniel"]
[PlyCount "178"]
[EventDate "2017.??.??"]
[WhiteTeam "LSV Turm Lippstadt 1"]
[BlackTeam "Godesberger SK 1"]

1. e4 d5 2. exd5 Qxd5 3. Nc3 Qd6 4. d4 Nf6 5. Nf3 a6 6. g3 b5 7. Bg2 Bb7 8. O-O
e6 9. Qe2 Nbd7 10. a4 b4 11. Bf4 Qb6 12. a5 Qa7 13. Na4 Nd5 14. Bd2 c5 15. c4
bxc3 16. bxc3 N5f6 17. Rab1 Rc8 18. Rfe1 Bd6 19. Ng5 Bxg2 20. Nxe6 fxe6 21.
Qxe6+ Kd8 22. Kxg2 Qa8+ 23. Kg1 Qd5 24. Qe2 cxd4 25. Qxa6 Ra8 26. Qd3 Qxa5 27.
Nb2 Re8 28. Nc4 Qd5 29. cxd4 Rxe1+ 30. Bxe1 Ke8 31. Bc3 Rc8 32. Nxd6+ Qxd6 33.
Bb4 Qd5 34. Ba3 Kf7 35. Re1 Re8 36. Rxe8 Kxe8 37. Qe2+ Kf7 38. Bb2 Qe6 39. Qd2
Qd5 40. Qe2 Qe6 41. Qd1 Nb6 42. Bc1 Nbd5 43. Bd2 Qe4 44. Be1 h6 45. f3 Qe6 46.
Bf2 Qc6 47. Qb3 Kg8 48. Qb8+ Qe8 49. Qb2 Kh7 50. Qd2 Qg6 51. Kf1 Qf5 52. Kg2
Kh8 53. Qe2 Qb1 54. Qc4 Qf5 55. Qe2 Kh7 56. Qd2 Ne7 57. Qe2 Ng6 58. Qd1 Nd5 59.
Qd2 Qb1 60. Be1 Qa1 61. Bf2 Qc3 62. Qd1 Qc6 63. Qb1 Nf6 64. Qd3 Qd5 65. Kg1 Nd7
66. Qe2 Nb8 67. Qe4 $11 Qxe4 68. fxe4 Nf8 69. Kf1 Kg6 70. Ke2 Nbd7 71. Be3 Kf6
72. Kf3 Ke6 73. g4 Ng6 74. Bf2 Nh8 75. h4 Nf7 76. Be3 g6 77. Bf4 h5 78. gxh5
gxh5 79. Bc1 Nf8 80. Bf4 Ng6 81. Bg3 Nh6 82. Ke2 Ng4 83. Kf3 Kf6 84. Ke2 Nf8
85. Kd3 Ne6 86. Bd6 Nd8 87. Bg3 Ne6 88. Bd6 Nf2+ 89. Ke3 Ng4+ 1/2-1/2

[Event "Godesberger SK 1 - LSV Turm Lippstadt 1"]
[Site "NRW-Klasse. Gruppe 2 2017/201"]
[Date "2017.11.19"]
[Round "3.4"]
[White "Stenzel, Thomas"]
[Black "Kruse, Janik"]
[Result "1-0"]
[WhiteElo "2083"]
[BlackElo "2051"]
[PlyCount "111"]
[EventDate "2017.??.??"]
[WhiteTeam "Godesberger SK 1"]
[BlackTeam "LSV Turm Lippstadt 1"]

1. e4 e5 2. Nf3 Nc6 3. Bb5 a6 4. Ba4 Nf6 5. Qe2 d6 6. c3 Bd7 7. O-O g6 8. Bb3
Bg7 9. d3 O-O 10. Bg5 h6 11. Be3 Qe7 12. h3 Nh5 13. Rd1 Kh7 14. Nbd2 f5 15.
exf5 gxf5 16. Nh2 Be8 17. Ndf3 Nd8 18. Bd2 Ne6 19. g3 Bf6 20. Nd4 Neg7 21. Re1
Qd7 22. Ndf3 Bg6 23. g4 Nf4 24. Bxf4 exf4 25. Qd2 fxg4 26. hxg4 Qc6 27. d4 Bg5
28. Nxg5+ hxg5 29. Re7 Rae8 30. Rae1 Rxe7 31. Rxe7 Re8 32. Qe2 Kh6 33. Rxe8
Qxe8 34. Qf1 Ne6 35. Nf3 Be4 36. Qh3+ Kg7 37. Bxe6 Qxe6 38. Nxg5 Qxa2 39. f3
Bg6 40. Qg2 Bd3 41. Qd2 Qb1+ 42. Kh2 Bc4 43. d5 Kg6 44. Nh3 Qf1 45. Nxf4+ Kf7
46. Ne6 Qe2+ 47. Qxe2 Bxe2 48. Kg3 Bc4 49. Nxc7 Ke7 50. Kf4 Kd7 51. Ne6 Bxd5
52. Nd4 Ke7 53. Kf5 Kf7 54. g5 Bc4 55. g6+ Kg7 56. Kg5 1-0

[Event "Godesberger SK 1 - LSV Turm Lippstadt 1"]
[Site "NRW-Klasse. Gruppe 2 2017/201"]
[Date "2017.11.19"]
[Round "3.5"]
[White "Grobbel, Rainer"]
[Black "Schulte-Geers, Niklas"]
[Result "1-0"]
[WhiteElo "2116"]
[BlackElo "2054"]
[PlyCount "97"]
[EventDate "2017.??.??"]
[WhiteTeam "LSV Turm Lippstadt 1"]
[BlackTeam "Godesberger SK 1"]

1. d4 d5 2. c4 c6 3. Nc3 Nf6 4. e3 e6 5. Nf3 Nbd7 6. Bd3 Be7 7. O-O O-O 8. Qe2
b6 9. e4 dxe4 10. Nxe4 Qc7 11. b3 Bb7 12. Bb2 c5 13. dxc5 Nxc5 14. Be5 Qc8 15.
Nxc5 Qxc5 16. Rfe1 Rfd8 17. Rad1 Ng4 18. Bd4 Qc6 19. Qb2 Bf6 20. Be4 Qc7 21.
Bxb7 Qxb7 22. h3 Bxd4 23. Rxd4 Nf6 24. Red1 Qc7 25. Qd2 Rdc8 26. Qe3 h6 27. Ne5
Rd8 28. Qd3 Rxd4 29. Qxd4 Kf8 30. Nd7+ Nxd7 31. Qxd7 Rc8 32. Kf1 a5 33. Rd2 g6
34. g3 h5 35. h4 Qc5 36. Qd6+ Ke8 37. Ke2 Qxd6 38. Rxd6 Rb8 39. Kd3 Ke7 40. c5
Rc8 41. Rxb6 Rxc5 42. Rb7+ Kf6 43. a4 e5 44. Rb5 Rxb5 45. axb5 Ke6 46. Kc4 Kd6
47. b6 Kc6 48. b7 Kxb7 49. Kb5 1-0

[Event "Godesberger SK 1 - LSV Turm Lippstadt 1"]
[Site "NRW-Klasse. Gruppe 2 2017/201"]
[Date "2017.11.19"]
[Round "3.6"]
[White "Kummer, Wolfram"]
[Black "Kuckling, Hannah"]
[Result "1/2-1/2"]
[WhiteElo "2078"]
[BlackElo "2065"]
[Annotator "Daniel"]
[PlyCount "186"]
[EventDate "2017.??.??"]
[WhiteTeam "Godesberger SK 1"]
[BlackTeam "LSV Turm Lippstadt 1"]

1. e4 c5 2. b3 e6 3. Bb2 Nc6 4. Nf3 a6 5. d4 cxd4 6. Nxd4 Qc7 7. Bd3 Nf6 8. O-O
Be7 9. Nd2 O-O 10. Kh1 d6 11. Nxc6 Qxc6 12. f4 b6 13. Qe2 Bb7 14. Rf3 d5 15.
Rg3 g6 16. Re1 Rfd8 17. exd5 Nxd5 18. Qh5 Nf6 19. Qh6 Bf8 20. Qh4 Ne8 21. Nf3
Ng7 22. Qf6 Qc7 23. Ng5 Qe7 24. Qe5 Rd5 25. Qe2 Rad8 26. Rh3 Rxg5 27. fxg5 Qxg5
28. Rg3 Qh4 29. Rf1 Bd6 30. Bf6 Qh5 31. Qxh5 Nxh5 32. Bxd8 Bxg3 33. Bxb6 Bd6
34. Rd1 Be7 35. Be2 Nf6 36. Bf3 Bc8 37. Bd8 Kf8 38. c4 e5 39. Bxe7+ Kxe7 40. b4
Be6 41. Be2 Ne4 42. Rc1 f5 43. a3 Bc8 44. Kg1 Ng5 45. a4 Ne6 46. c5 Nd4 47. Bc4
Bd7 48. Bxa6 Bxa4 49. Ra1 Bc6 50. Bc4 h6 51. h4 g5 52. Ra7+ Kf6 53. Ra6 Ke7 54.
hxg5 hxg5 55. Rb6 Be4 56. b5 Nc2 57. Re6+ Kd7 58. Rxe5 Nd4 59. Kf2 g4 60. Ke3
Nc2+ 61. Kf4 Bxg2 62. Be6+ Kc7 63. Bxf5 Nd4 64. Re7+ Kb8 65. Re8+ Kb7 66. Bc8+
Kc7 67. b6+ Kc6 68. b7 Kc7 69. Re7+ Kb8 70. Kxg4 Nb3 71. Re2 Bc6 72. Re6 Bg2
73. Ra6 Bxb7 $11 74. Bxb7 Nxc5 75. Rh6 Kxb7 76. Kf4 Kc7 77. Ke3 Nd7 78. Kd4 Nb6
79. Kc5 Nd7+ 80. Kb5 Ne5 81. Re6 Nd7 82. Rc6+ Kd8 83. Ra6 Ke7 84. Kc4 Nf6 85.
Kd4 Nd7 86. Rc6 Nf6 87. Rc7+ Ke6 88. Rc6+ Ke7 89. Ke5 Nd7+ 90. Kf5 Nf8 91. Ra6
Nd7 92. Rc6 Nf8 93. Rh6 Nd7 1/2-1/2

[Event "Godesberger SK 1 - LSV Turm Lippstadt 1"]
[Site "NRW-Klasse. Gruppe 2 2017/201"]
[Date "2017.11.19"]
[Round "3.7"]
[White "Finke, Tobias"]
[Black "Kutzner, Stephen"]
[Result "0-1"]
[WhiteElo "1949"]
[BlackElo "2083"]
[PlyCount "86"]
[EventDate "2017.??.??"]
[WhiteTeam "LSV Turm Lippstadt 1"]
[BlackTeam "Godesberger SK 1"]

1. e4 c5 2. Nf3 Nc6 3. d4 cxd4 4. Nxd4 Nf6 5. Nc3 e5 6. Ndb5 d6 7. Be3 a6 8.
Na3 b5 9. Nd5 Rb8 10. Nxf6+ Qxf6 11. Qd2 Be7 12. h4 O-O 13. Bg5 Qg6 14. Bd3 h6
15. Bxe7 Nxe7 16. O-O-O Bb7 17. f3 Qe6 18. Kb1 d5 19. c3 dxe4 20. Bxe4 Bxe4+
21. fxe4 Qg4 22. Rde1 Rfd8 23. Qe2 Qxe2 24. Rxe2 Rd3 25. Kc2 Rbd8 26. Nb1 Rg3
27. Nd2 Ng6 28. Nf1 Rgd3 29. Rd2 R3d6 30. Rxd6 Rxd6 31. Ne3 Kf8 32. g3 Ne7 33.
Rd1 Rxd1 34. Kxd1 Ke8 35. Nd5 Kd7 36. Nxe7 Kxe7 37. Ke2 Kd6 38. b3 Kc5 39. Ke3
h5 40. Kd3 a5 41. a3 g6 42. Ke3 a4 43. b4+ Kc4 0-1

[Event "Godesberger SK 1 - LSV Turm Lippstadt 1"]
[Site "NRW-Klasse. Gruppe 2 2017/201"]
[Date "2017.11.19"]
[Round "3.8"]
[White "Ivanov, Alexander"]
[Black "Chapman, Alan John"]
[Result "0-1"]
[WhiteElo "1977"]
[BlackElo "1939"]
[PlyCount "86"]
[EventDate "2017.??.??"]
[WhiteTeam "Godesberger SK 1"]
[BlackTeam "LSV Turm Lippstadt 1"]

1. e4 c5 2. Nf3 Nc6 3. Bb5 a6 4. Bxc6 dxc6 5. h3 Qc7 6. d3 e5 7. Be3 Bd6 8.
Nbd2 Ne7 9. Nc4 O-O 10. O-O f6 11. Nfd2 b6 12. a4 a5 13. Nxd6 Qxd6 14. Nc4 Qc7
15. f4 Be6 16. b3 Bxc4 17. bxc4 f5 18. Qf3 fxe4 19. Qxe4 Nf5 20. fxe5 Ng3 21.
Rxf8+ Rxf8 22. Qg4 Qxe5 23. Re1 h5 24. Qh4 Nf5 25. Qf4 Qxf4 26. Bxf4 Nd4 27.
Bc7 Nxc2 28. Re5 Nb4 29. Bxb6 Nxd3 30. Rxh5 Rf4 31. Bxa5 Rxc4 32. Bb6 Rxa4 33.
Rg5 Ra1+ 34. Kh2 Nf2 35. Rf5 Rh1+ 36. Kg3 Ne4+ 37. Kf4 Nf6 38. Rxc5 Nd5+ 39.
Kg4 Nxb6 40. Rxc6 Nd5 41. g3 Rf1 42. h4 Kh7 43. Ra6 Ne3+ 0-1

[Event "SG Bochum 2 - Südlohner SV 1"]
[Site "NRW-Klasse. Gruppe 2 2017/201"]
[Date "2017.11.19"]
[Round "3.1"]
[White "Kolakovic, Klaudio"]
[Black "Tkachuk, Konstantyn"]
[Result "1/2-1/2"]
[WhiteElo "1989"]
[BlackElo "2265"]
[PlyCount "62"]
[EventDate "2017.??.??"]
[WhiteTeam "Südlohner SV 1"]
[BlackTeam "SG Bochum 2"]

1. d4 c5 2. d5 e5 3. e4 d6 4. Nc3 g6 5. Bb5+ Nd7 6. a4 Bg7 7. Nf3 Ne7 8. Nd2 a6
9. Bd3 O-O 10. Nc4 Nb6 11. Nxb6 Qxb6 12. a5 Qc7 13. Be3 f5 14. f3 Bd7 15. Qd2
Rf7 16. Na4 Raf8 17. Nb6 f4 18. Bf2 g5 19. b4 cxb4 20. Qxb4 Nc8 21. c4 g4 22.
Be2 h5 23. Rc1 Bf6 24. Kd2 gxf3 25. Nxd7 Qxd7 26. Bxf3 Rg7 27. Rc3 Kh8 28. c5
dxc5 29. Bxc5 Rfg8 30. Rg1 Ne7 31. Bb6 Nc6 1/2-1/2

[Event "SG Bochum 2 - Südlohner SV 1"]
[Site "NRW-Klasse. Gruppe 2 2017/201"]
[Date "2017.11.19"]
[Round "3.2"]
[White "Baltic, Fatih"]
[Black "Doennebrink, Elmar"]
[Result "1/2-1/2"]
[WhiteElo "2145"]
[BlackElo "2060"]
[PlyCount "39"]
[EventDate "2017.??.??"]
[WhiteTeam "SG Bochum 2"]
[BlackTeam "Südlohner SV 1"]

1. e4 c5 2. Nf3 d6 3. d4 cxd4 4. Nxd4 Nf6 5. Nc3 g6 6. Be3 Bg7 7. Be2 Nc6 8.
Qd2 O-O 9. O-O-O Nxd4 10. Bxd4 Be6 11. h4 b5 12. Bxb5 Qa5 13. Bc6 Rab8 14. Bd5
Rb4 15. Ne2 Bxd5 16. a3 Bxe4 17. Qxb4 Qc7 18. Qc3 Qb7 19. Qb4 Qc7 20. Qc3
1/2-1/2

[Event "SG Bochum 2 - Südlohner SV 1"]
[Site "NRW-Klasse. Gruppe 2 2017/201"]
[Date "2017.11.19"]
[Round "3.3"]
[White "Voelker, Christian"]
[Black "Koellner, Ruben Gideon"]
[Result "1-0"]
[WhiteElo "2026"]
[BlackElo "2123"]
[PlyCount "65"]
[EventDate "2017.??.??"]
[WhiteTeam "Südlohner SV 1"]
[BlackTeam "SG Bochum 2"]

1. d4 d6 2. Nf3 Nf6 3. c4 g6 4. Nc3 Bf5 5. Qb3 Qc8 6. h3 Bg7 7. g4 Bd7 8. e4
O-O 9. Be3 c5 10. d5 Na6 11. Be2 Nc7 12. g5 Nfe8 13. h4 a6 14. a4 Rb8 15. h5 b5
16. axb5 Qb7 17. e5 axb5 18. hxg6 hxg6 19. cxb5 Nxb5 20. Qc4 Nec7 21. Qh4 Rfd8
22. Qh7+ Kf8 23. Ra4 e6 24. Rf4 Nxc3 25. Qxg6 Be8 26. Rh7 Ke7 27. Qxg7 Kd7 28.
bxc3 Qb1+ 29. Bd1 Nxd5 30. Rxf7+ Bxf7 31. Qxf7+ Kc6 32. Nd2 Qa1 33. c4 1-0

[Event "SG Bochum 2 - Südlohner SV 1"]
[Site "NRW-Klasse. Gruppe 2 2017/201"]
[Date "2017.11.19"]
[Round "3.4"]
[White "Stricker, Florian"]
[Black "Engels, Natia"]
[Result "1/2-1/2"]
[WhiteElo "2032"]
[BlackElo "2005"]
[PlyCount "162"]
[EventDate "2017.??.??"]
[WhiteTeam "SG Bochum 2"]
[BlackTeam "Südlohner SV 1"]

1. d4 c5 2. d5 Nf6 3. c4 d6 4. Nc3 g6 5. Nf3 Bg7 6. e4 O-O 7. Be2 Na6 8. Bd2
Nc7 9. Qc2 a6 10. a4 Rb8 11. a5 e5 12. b4 cxb4 13. Na4 b3 14. Qd3 Nxe4 15. Qxe4
f5 16. Qe3 e4 17. Nd4 f4 18. Qc3 Qf6 19. Nxb3 e3 20. Qxf6 exd2+ 21. Kxd2 Bxf6
22. Rae1 Bh4 23. Rhf1 Bg5 24. Bf3 Bf6 25. Kd3 b5 26. axb6 Na8 27. Nd4 Nxb6 28.
Nxb6 Rxb6 29. Rb1 Rxb1 30. Rxb1 Kf7 31. Rb6 Rd8 32. Nc6 Re8 33. Be4 a5 34. Rb5
Ba6 35. Rxa5 Bxc4+ 36. Kxc4 Rxe4+ 37. Kd3 Re1 38. Ra7+ Ke8 39. Rxh7 Rf1 40. Ke2
Rc1 41. Ra7 Rc5 42. Ra5 Rc2+ 43. Kf3 Bh4 44. g3 fxg3 45. hxg3 Bf6 46. Ra3 Rd2
47. Re3+ Kf7 48. Nb4 Rd4 49. Re4 Rd2 50. Ke3 Rd1 51. Nd3 Ra1 52. Re6 Be7 53.
Nf4 g5 54. Nd3 Ra3 55. Kd4 Ra4+ 56. Ke3 Ra3 57. Ke2 Ra2+ 58. Kf3 Ra4 59. Re4
Ra3 60. Ke2 Bf6 61. Re6 Be7 62. Nb4 Rc3 63. Re3 Rc5 64. Rd3 Bf6 65. Nc6 g4 66.
Ke3 Kg6 67. Rd1 Rc3+ 68. Rd3 Rc5 69. Nb4 Kf5 70. Rd1 Bg5+ 71. f4 gxf3+ 72. Kxf3
Rc4 73. Nc6 Rc3+ 74. Kf2 Be3+ 75. Ke2 Ke4 76. Nb4 Bc5 77. Nd3 Rc2+ 78. Rd2
Rxd2+ 79. Kxd2 Kxd5 80. Nxc5 dxc5 81. Kc3 Ke4 1/2-1/2

[Event "SG Bochum 2 - Südlohner SV 1"]
[Site "NRW-Klasse. Gruppe 2 2017/201"]
[Date "2017.11.19"]
[Round "3.5"]
[White "Teloeken, Daniel"]
[Black "Rempe, Moritz"]
[Result "1-0"]
[WhiteElo "1960"]
[BlackElo "2024"]
[PlyCount "81"]
[EventDate "2017.??.??"]
[WhiteTeam "Südlohner SV 1"]
[BlackTeam "SG Bochum 2"]

1. c4 e5 2. g3 Nc6 3. Bg2 Bc5 4. Nc3 a5 5. e3 d6 6. Nge2 Nge7 7. O-O O-O 8. a3
Bg4 9. f3 Bf5 10. d4 exd4 11. exd4 Ba7 12. Be3 Ne5 13. b3 c6 14. Qd2 Nd7 15.
Ne4 Bb8 16. d5 Nb6 17. dxc6 bxc6 18. Rac1 a4 19. b4 Be6 20. Bxb6 Qxb6+ 21. Kh1
Qd8 22. Rfd1 d5 23. Nc5 Bd6 24. Nb7 Qd7 25. Nxd6 Qxd6 26. cxd5 cxd5 27. Rc5
Rfc8 28. Rdc1 Rd8 29. Nd4 Rac8 30. Qe2 Rxc5 31. bxc5 Qd7 32. c6 Qd6 33. Nb5
Qxc6 34. Rxc6 Nxc6 35. f4 Na5 36. f5 Bxf5 37. Bxd5 g6 38. Nc3 Nb3 39. Qe7 Rf8
40. Nxa4 Nd4 41. Nc5 1-0

[Event "SG Bochum 2 - Südlohner SV 1"]
[Site "NRW-Klasse. Gruppe 2 2017/201"]
[Date "2017.11.19"]
[Round "3.6"]
[White "Tkachuk, Sergij"]
[Black "Teloeken, Andreas"]
[Result "1/2-1/2"]
[WhiteElo "2110"]
[BlackElo "2004"]
[PlyCount "85"]
[EventDate "2017.??.??"]
[WhiteTeam "SG Bochum 2"]
[BlackTeam "Südlohner SV 1"]

1. e4 c6 2. d4 d5 3. e5 c5 4. dxc5 e6 5. Be3 Nh6 6. f4 Nf5 7. Bf2 Nd7 8. Bd3
Bxc5 9. Bxc5 Nxc5 10. Bxf5 exf5 11. Nf3 O-O 12. Nc3 Be6 13. Qd4 Ne4 14. O-O-O
Qa5 15. a3 Rfd8 16. Qe3 Nxc3 17. Qxc3 Qxc3 18. bxc3 Rac8 19. Kb2 Rc6 20. Nd4
Rc4 21. Rd3 Rdc8 22. h3 a5 23. g4 fxg4 24. f5 Rxd4 25. Rxd4 Bxf5 26. hxg4 Be4
27. Re1 Kf8 28. c4 Rc5 29. cxd5 Bxd5 30. g5 Be6 31. Rd8+ Ke7 32. Rb8 Rb5+ 33.
Kc1 Bf5 34. Re2 Ke6 35. Re8+ Kd7 36. Rg8 Ke6 37. Rxg7 Bg6 38. Rg8 Kf5 39. Rc8
Kxg5 40. a4 Rb4 41. e6 fxe6 42. Rxe6 Rxa4 43. Rc7 1/2-1/2

[Event "SG Bochum 2 - Südlohner SV 1"]
[Site "NRW-Klasse. Gruppe 2 2017/201"]
[Date "2017.11.19"]
[Round "3.7"]
[White "Darwisch, Khaled"]
[Black "Mazarov, Juergen"]
[Result "1/2-1/2"]
[WhiteElo "2078"]
[BlackElo "2075"]
[PlyCount "80"]
[EventDate "2017.??.??"]
[WhiteTeam "Südlohner SV 1"]
[BlackTeam "SG Bochum 2"]

1. e4 c5 2. d3 e6 3. g3 Nc6 4. Bg2 d5 5. Nd2 Nf6 6. Ne2 Be7 7. O-O O-O 8. h3 b6
9. f4 dxe4 10. dxe4 Bb7 11. g4 Qc7 12. Ng3 Rad8 13. g5 Ne8 14. h4 f6 15. Qg4
Nd4 16. Rb1 Nxc2 17. Nf3 Bc8 18. g6 h6 19. f5 Bd6 20. Nh5 Be5 21. fxe6 Nd4 22.
Nxd4 Bxd4+ 23. Kh1 Qe7 24. Nf4 Nc7 25. Qh5 Bxe6 26. b3 c4 27. Nxe6 Qxe6 28.
bxc4 Qxc4 29. Bxh6 gxh6 30. Rbc1 Bc3 31. Qxh6 Rd7 32. Rf5 Rfd8 33. Rcf1 Qe6 34.
Rh5 f5 35. Rhxf5 Rg7 36. Rf7 Qxg6 37. Qxg6 Rxg6 38. Rxc7 Bd4 39. h5 Rg4 40. Bf3
Rg7 1/2-1/2

[Event "SG Bochum 2 - Südlohner SV 1"]
[Site "NRW-Klasse. Gruppe 2 2017/201"]
[Date "2017.11.19"]
[Round "3.8"]
[White "Wuebker, Paul-Luca"]
[Black "Schmeing, Walter"]
[Result "1-0"]
[WhiteElo "2050"]
[BlackElo "2001"]
[PlyCount "68"]
[EventDate "2017.??.??"]
[WhiteTeam "SG Bochum 2"]
[BlackTeam "Südlohner SV 1"]

1. d4 d5 2. c4 e6 3. Nc3 Nf6 4. Nf3 c6 5. e3 Nbd7 6. Qc2 Bd6 7. b3 O-O 8. Bd3
e5 9. cxd5 cxd5 10. dxe5 Nxe5 11. Nxe5 Bxe5 12. Bb2 Bd7 13. Nd1 Qe7 14. Bxe5
Qxe5 15. Qb2 Qd6 16. h3 Rac8 17. O-O Qc5 18. b4 Qc7 19. Qd4 b5 20. Nb2 Qc3 21.
Qxc3 Rxc3 22. Rfc1 Rfc8 23. Rxc3 Rxc3 24. Kf1 Ra3 25. Bc2 Kf8 26. Bb3 a5 27.
bxa5 Rxa5 28. Nd3 Ra8 29. Nf4 Be6 30. Rc1 Rb8 31. f3 Ke7 32. Ne2 Nd7 33. Rd1
Nb6 34. Nd4 Nc4 1-0

[Event "SV Kamen 1 - SC Siegburg 1"]
[Site "NRW-Klasse. Gruppe 2 2017/201"]
[Date "2017.11.19"]
[Round "3.1"]
[White "Borovikov, Vladislav"]
[Black "Weidemann, Christian"]
[Result "1-0"]
[WhiteElo "2474"]
[BlackElo "2278"]
[PlyCount "63"]
[EventDate "2017.??.??"]
[WhiteTeam "SC Siegburg 1"]
[BlackTeam "SV Kamen 1"]

1. d4 Nf6 2. Nf3 d5 3. Bf4 c5 4. e3 Nc6 5. Nbd2 cxd4 6. exd4 Qb6 7. Nb3 Bg4 8.
h3 Bh5 9. g4 Bg6 10. Nh4 e6 11. c3 Be7 12. Nxg6 hxg6 13. Bg2 a5 14. Qe2 a4 15.
Nc1 Ne4 16. a3 g5 17. Bh2 Rc8 18. Nd3 Na5 19. O-O Nb3 20. Rad1 Bxa3 21. bxa3
Nxc3 22. Qe3 Nxd1 23. Rxd1 Qd8 24. Nc5 Nxc5 25. dxc5 O-O 26. Bd6 Re8 27. Rb1
Rc6 28. Rxb7 Rxd6 29. cxd6 Qxd6 30. Rb4 Qa6 31. Bxd5 Rd8 32. Bf3 1-0